The nature of modern mathematics /
Guardado en:
| Autor Principal: | |
|---|---|
| Formato: | Libro |
| Idioma: | English |
| Publicado: |
Monterey, Calif. :
Brooks/Cole,
c1976.
|
| Edición: | 2nd ed. |
| Series: | Contemporary undergraduate mathematics series
|
| Etiquetas: |
Agregar Etiqueta
Sin Etiquetas, Sea el primero en etiquetar este registro!
|
| LEADER | 01002nam a22002055a 4500 | ||
|---|---|---|---|
| 001 | MAT.inmabb000274 | ||
| 008 | 760308s1976####caua#####b####001#0#eng## | ||
| 005 | 20160616121605.0 | ||
| 245 | 1 | 4 | |a The nature of modern mathematics / |c Karl J. Smith. |
| 250 | |a 2nd ed. | ||
| 260 | |a Monterey, Calif. : |b Brooks/Cole, |c c1976. | ||
| 300 | |a xiv, 619 p. : |b il. ; |c 24 cm. | ||
| 490 | 0 | |a Contemporary undergraduate mathematics series | |
| 504 | |a Incluye referencias bibliográficas e índice. | ||
| 505 | 0 | |a The nature of mathematical thought -- The nature of numeration systems -- The nature of computers -- The nature of mathematical systems -- Pseudohistory of the development of our number system -- The nature of number theory -- The nature of logic -- The nature of geometry -- The nature of counting -- The nature of probability -- The nature of statistics. | |
| 020 | |a 0818501715 | ||
| 100 | 1 | |a Smith, Karl J. | |
| 084 | |a 00A05 |2 msc2000 | ||
| 010 | |a 75019937 | ||
| 859 | |h 00A05 |i Sm642-2 |p A-8007 |b BIB. MATEMATICA | ||
